Planning, power and welfare (Record no. 369763)

000 -LEADER
fixed length control field 00378cam a22001217a 4500
008 - FIXED-LENGTH DATA ELEMENTS--GENERAL INFORMATION
fixed length control field 180718b1959 xxu||||| |||| 00| 0 eng d
082 ## - DEWEY DECIMAL CLASSIFICATION NUMBER
Classification number T000x5 K897
100 ## - MAIN ENTRY--PERSONAL NAME
Personal name Krishna, Daya
245 ## - TITLE STATEMENT
Title Planning, power and welfare
Statement of responsibility, etc. by Daya Krishna
260 ## - PUBLICATION, DISTRIBUTION, ETC.
Place of publication, distribution, etc. New Delhi
Name of publisher, distributor, etc. Office for Asia Affairs, Congress for Cultural Freedom
Date of publication, distribution, etc. 1959
300 ## - PHYSICAL DESCRIPTION
Extent 91p.
650 ## - SUBJECT ADDED ENTRY--TOPICAL TERM
Topical term or geographic name entry element Economic planning - Asia
Holdings
Withdrawn status Lost status Damaged status Not for loan Permanent Location Current Location Date acquired Full call number Barcode Date last seen Price effective from Koha item type
        Indian Institute of Public Administration Indian Institute of Public Administration 1994-06-02 T000x5 K897 18966 2018-07-21 2018-07-21 Book
        Indian Institute of Public Administration Indian Institute of Public Administration 1994-06-02 T000x5 K897 1113 2018-07-21 2018-07-21 Book

Powered by Koha